Cat Breeds - Statistics

General Stats
  • This quiz has been taken 107 times
  • The average score is 13 of 20
Answer Stats
Hint Answer % Correct
Fluffy cat that tends to go limp like a doll when held Ragdoll
89%
Grey cat that originates from Russia, and this cat only comes in shades of grey Russian Blue
89%
Has a striking appearance and is known as the "supermodel" of the cat world Abyssinian Cat
86%
An adorable kitty with adorable ears that is a result of a genetic mutation Scottish Fold
81%
A cat that is like a scottish fold but with normal cat ears; it is still an adorable cat breed even though it has normal looking ears Scottish Straight
81%
Chatty cat that is inspired by the old name for the country of Thailand Siamese Cat
81%
Fluffy cat that originates from Russia Siberian Cat
81%
Hairless cat that looks like it came from ancient Egypt or lookslike an alien / extra terrestrial Sphynx
81%
A cat that has naturally curly fur LaPerm
75%
A very large domestic cat breed Maine Coon
75%
Fluffy cat that originated in Norway Norwegian Forest Cat
65%
A cat that has short legs and a normal length body; the cat equivalent of a Dachshund or Corgi Munchkin Cat
64%
Fluffy cat that is inspired by the old name for the country of Iran Persian cat
56%
A cat breed that shares the same name as a type of tiger that is also very chatty and vocal Bengal
53%
A cat breed that is black and shares its name with a city in India Bombay Cat
53%
A cat that is like a British Shorthair but has long fur British Longhair
53%
A cat breed that is basically a living stuffed animalan they are the inspiration for the Cheshire cat in Alice in Wonderland British Shorthair
53%
Looks like a British Shorthair but isn't a British Shorthair, and its a French cat breed Chartreux
46%
A cat that has a very short tail Japanese Bobtail
35%
A white cat that has pretty gem like jewel tone eyes Khao Manee
29%
No matching quizzes found
Score Distribution
Percent of People with Each Score
Percentile by Number Answered
Your Score History
You have not taken this quiz